000 00500nam a2200181Ia 4500
005 20250326124119.0
008 250326s9999 xx 000 0 und d
037 _aTextbook
040 _aFMSL
_beng
_cFMSL
041 _aeng
_2eng
084 _aX:321 L3
_qFMSL
100 _aNader R
_9736798
245 0 _aConsumer and corporate accountability
_cNader R
260 _aNY
_bNY, Harcourt Brace Jovanovich
_c1973
300 _a375p
942 _cTB
_hX:321 L3
999 _c1272343
_d1272343